LEADER 03212 am 2200493 n 450 001 9910418053103321 005 20190523 010 $a2-7574-2276-6 024 7 $a10.4000/books.septentrion.57102 035 $a(CKB)4100000010105941 035 $a(FrMaCLE)OB-septentrion-57102 035 $a(oapen)https://directory.doabooks.org/handle/20.500.12854/41277 035 $a(PPN)242887104 035 $a(EXLCZ)994100000010105941 100 $a20200106j|||||||| ||| 0 101 0 $afre 135 $auu||||||m|||| 181 $ctxt$2rdacontent 182 $cc$2rdamedia 183 $acr$2rdacarrier 200 14$aLes armuriers de l?État $eDu Grand Siècle à la globalisation 1665-1989 /$fPatrick Mortal 210 $aVilleneuve d'Ascq $cPresses universitaires du Septentrion$d2019 215 $a1 online resource (336 p.) 311 $a2-85939-991-7 330 $aDe la boutique artisanale à l?atelier flexible, de la proto-industrie aux restructurations, les quatre siècles d?histoire des arsenaux de terre sont ceux des ingénieurs de l?Armement aux sources de la continuité de l?État et des « ouvriers de l?État » dont les privilèges, comme ceux de l?entrepreneur, redessinent l?Ancien Régime, et les statuts successifs les Empires et les Républiques, bref, les consensus nationaux. Les archives nationales et syndicales retracent l?élaboration de la rationalisation du travail ou du concept de « nationalisation » des programmes de gauche. Le syndicalisme naissant, le basculement vers le pacifisme des militants de 1918, l?engagement résistant de ceux de 1940, les révocations des années 1950, le pluralisme syndical de la fin du xxe siècle sont éclairés sous un nouveau jour. Étrange destin que celui d?hommes de paix travaillant pour la guerre ! Illustrissimes, l?on ignorait un peu de ce qu?ils furent : Danton, Thomas, Tillon, Gonin? Inconnus, ils sont parfois essentiels : Gervaise et Voilin, précurseurs de la CGT et de la gauche, les ingénieurs visionnaires Danzel ou Enjalbert? une multitude a contribué à façonner notre monde, militants des villes de manufacture et d?arsenal ou simples héritiers de dynasties ouvrières? Douze larges extraits de documents originaux dont 10 inédits, 32 illustrations, 24 graphiques et tableaux introduisent le lecteur dans cet univers qui n?est autre que le sien? et où la volonté politique l?emporte sur la fatalité, au rebours des idéologies dominantes. 517 $aarmuriers de l?État 606 $aWeapons industry$zFrance$xHistory 606 $aWeapons industry$zFrance$xEmployees$xHistory 606 $aFirearms industry and trade$zFrance$xHistory 610 $ahistoire 610 $aÉtat 610 $aGrand Siècle 610 $aarmuriers 610 $aglobalisation 615 0$aWeapons industry$xHistory. 615 0$aWeapons industry$xEmployees$xHistory. 615 0$aFirearms industry and trade$xHistory. 700 $aMortal$b Patrick$01238369 701 $aNaudet$b Jean-Louis$01281607 801 0$bFR-FrMaCLE 906 $aBOOK 912 $a9910418053103321 996 $aLes armuriers de l?État$93018555 997 $aUNINA LEADER 03188nam 22005055 450 001 9910483712803321 005 20200711152837.0 010 $a3-662-47037-3 024 7 $a10.1007/978-3-662-47037-4 035 $a(CKB)3710000000498929 035 $a(EBL)4178879 035 $a(SSID)ssj0001585665 035 $a(PQKBManifestationID)16264610 035 $a(PQKBTitleCode)TC0001585665 035 $a(PQKBWorkID)14865522 035 $a(PQKB)10405443 035 $a(DE-He213)978-3-662-47037-4 035 $a(MiAaPQ)EBC4178879 035 $a(PPN)190516542 035 $a(EXLCZ)993710000000498929 100 $a20151030d2016 u| 0 101 0 $ager 135 $aur|n|---||||| 181 $ctxt 182 $cc 183 $acr 200 10$aAstrobiologie /$fvon Mathias Scholz 205 $a1st ed. 2016. 210 1$aBerlin, Heidelberg :$cSpringer Berlin Heidelberg :$cImprint: Springer Spektrum,$d2016. 215 $a1 online resource (559 p.) 300 $aDescription based upon print version of record. 311 $a3-662-47036-5 320 $aIncludes bibliographical references and index. 327 $a1 Was ist ?Astrobiologie??- 2 Was ist und wie funktioniert ?Leben??- 3 Wie entsteht Leben? ? Das Rätsel der Abiogenese -- 4 Kosmische Voraussetzungen für Leben ? die Habitabilität ferner Welten -- 5 Leben im Sonnensystem und darüber hinaus -- 6 SETI ? die Suche nach außerirdischen Zivilisationen. 330 $aUnter welchen Bedingungen entsteht und entwickelt sich ?Leben? und wie ist es im Kosmos verbreitet? Damit beschäftigt sich der Autor und stellt wichtige Facetten einer jungen Wissenschaftsdisziplin ausführlich vor: Was ist und wie funktioniert ?Leben?? Entstehung des Lebens auf der Erde Kosmische Voraussetzungen für ?Leben, wie wir es kennen? Leben im Sonnensystem und darüber hinaus Suche nach außerirdischen Zivilisationen Zudem wird ein Ausflug in das spannende Gebiet der Astrochemie unternommen, um zu verstehen, wie sich die molekularen Grundbausteine des Lebens unter kosmischen Bedingungen bilden und wie sie auf die junge Erde gelangt sein könnten. Der Vorgang der Abiogenese, d. h. die Entstehung von ?Leben? aus unbelebter Materie, ist auch heute noch ein wohlbehütetes Rätsel der Natur. 145 Jahre nach Darwins Brief an den Botaniker Joseph Hooker über die spontane Entstehung des Lebens in einem ?warmen Teich? zeigt sich aber immer deutlicher, dass es sich hierbei um ein prinzipiell lösbares Rätsel handelt. Das Buch wendet sich an interessierte Studenten der Natur- und Ingenieurwissenschaften, an Abiturienten, Dozenten, Lehrer und nicht zuletzt an Amateurastronomen, die das Wissen über diesen faszinierenden Gegenstand der Forschung vielen Menschen nahebringen. 606 $aExobiology 606 $aAstrobiology$3https://scigraph.springernature.com/ontologies/product-market-codes/P22057 615 0$aExobiology. 615 14$aAstrobiology. 676 $a530 700 $aScholz$b Mathias$4aut$4http://id.loc.gov/vocabulary/relators/aut$01216435 906 $aBOOK 912 $a9910483712803321 996 $aAstrobiologie$92812235 997 $aUNINA